| 000 | 00636nam a22002057a 4500 | ||
|---|---|---|---|
| 005 | 20171207120654.0 | ||
| 010 | _a1718EN-30 ENG-121776 | ||
| 020 |
_a9789382711629 _c395.00 |
||
| 035 | _aEN-105308 | ||
| 037 |
_bSTAR _adpl |
||
| 037 | _bDBAD/PUB | ||
| 082 | _a320.9540905 | ||
| 100 | _aTewari, Manish | ||
| 245 |
_aDecoding a decade : _cby Manish Tewari _bthe politics of policymaking / |
||
| 260 |
_aNew Delhi _bVitastaa Pub. _c2017 |
||
| 270 |
_a2/15, Ansari Road, Daryaganj, _bNew Delhi _e110002 |
||
| 300 |
_a321p. _c21cm(pbk) |
||
| 942 |
_2ddc _cEN _mTEW _h320.9540905 |
||
| 999 |
_c145319 _d145319 |
||